| 000 | 01701nam a22002894aa4500 | ||
|---|---|---|---|
| 003 | BOFEUTO | ||
| 005 | 20260626143905.0 | ||
| 008 | 260611t2025 bo gr 000 f spa d | ||
| 040 |
_6BOFEUTO _aBOFEUTO _cBOFEUTO |
||
| 041 | _aspa | ||
| 044 | _abo | ||
| 082 |
_aTE6326 _bAy974a |
||
| 100 |
_aAyca Corani, Zulema Zoraida _eautor |
||
| 245 |
_aAnálisis de la rentabilidad de la Pyme Panificadora San Andrés de la ciudad de Oruro de la gestión 2020-2024 / _c Zulema Zoraida Ayca Corani, José luis Tangara Colque |
||
| 260 |
_aOruro : _bs/n, _c2025. |
||
| 300 |
_a90 hojas ; _bilus, gráf. ; _c28.5 cm. |
||
| 500 | _aIncluye bibliografía, anexos. | ||
| 502 | _aTrabajo Dirigido, (Licenciatura) -- Universidad Técnica de Oruro, Facultad de Ciencias Económicas, Financieras y Administrativas, Carrera Ingeniería Comercial, 2025. | ||
| 520 | _aLa importancia del análisis de la rentabilidad en una pyme radica en la posibilidad de identificar con precisión los aspectos económicos y financieros que influyen en su desempeño y en las condiciones en las que opera dentro del mercado. Este tipo de análisis permite comprender cómo interactúan variables como la liquidez, la solvencia, el nivel de endedudamiento, la rentabilidad y las fuentes de financiamiento. En este contexto. el presente trabajo de investigación se elaboró con e objetivo de examinar los factores relacionados con la rentabilidad mediante la aplicación de un modelo de regresión lineal múltiple. | ||
| 650 | _aAnálisis de Rentabilidad | ||
| 653 | _aRentabilidad | ||
| 653 | _aPrecisión | ||
| 653 | _aMercado | ||
| 653 | _aSolvencia | ||
| 700 |
_aTangara Colque, Jóse Luis _etutor |
||
| 942 |
_2ddc _cTE _n0 |
||
| 999 |
_c16184 _d16184 |
||